| 000 | 01482nam a2200301 a 4500 | ||
|---|---|---|---|
| 001 | 60647 | ||
| 003 | BD-RjUL | ||
| 005 | 20211209080851.0 | ||
| 008 | 170110s1995 bg ba s o000 0 eng d | ||
| 020 |
_a9845081827 _c: Tk. 400.00 (Inland) |
||
| 035 | _a(BD-RjUL)60771 | ||
| 040 |
_aDLC _cDLC _dDLC _dBD-RjUL _beng |
||
| 041 | 0 | _aengben | |
| 082 |
_223 _a304.6095492021 _bNIL 1995 (ZS) |
||
| 110 |
_aBangladesh Bureau Of Statistics. _9179266 |
||
| 245 | 1 | 0 |
_aBangladesh population census, 1991 = বাংলাদেশ আদমশুমারী, ১৯৯১ : _bZila series, Zila: Nilphamari = জেলা সিরিজ, জেলা: নিলফামারী / _cBangladesh Bureau Of Statistics. |
| 246 |
_aবাংলাদেশ আদমশুমারী, ১৯৯১ : _bজেলা সিরিজ, জেলা: নিলফামারী |
||
| 260 |
_aDhaka : _bBangladesh Bureau of Statistics, _c1995 |
||
| 300 |
_axviii, 307 p. : _bIll. ; _c28 cm. |
||
| 490 | _aZila series, Zila: Nilphamari | ||
| 490 | _aজেলা সিরিজ, জেলা: নিলফামারী | ||
| 500 | _aPrefatory matter in Bengali and English. | ||
| 651 |
_aBangladesh _zNilphamari _vCensus,1991 _9180662 |
||
| 651 |
_aBangladesh _zNilphamari _xPopulation _vStatistics _9179995 _y1991 |
||
| 830 |
_aZila series, Zila: Nilphamari _9182077 |
||
| 830 |
_aজেলা সিরিজ, জেলা: নিলফামারী _9190399 |
||
| 942 |
_2ddc _cRAR |
||
| 999 |
_c60647 _d60647 |
||